000 00627nam a2200193Ia 4500
005 20260114185633.0
008 008 260114s9999 xx 000 0 eng d
020 _a9781474296205
037 _aEBOOK
040 _aCRL
_beng
_cCRL
041 _aeng
_2eng
084 _qCRL
100 _aGuillermo P‚rez Sarri¢n
_9872530
245 4 _aThe Emergence of a National Market in Spain, 1650-1800 Trade Networks, Foreign Powers and the State
260 _bBloomsbury
_c2016
856 _uhttps://doi.org/10.5040/9781474296205?locatt=label:secondary_bloomsburyCollections
942 _cEBOOK
999 _c1471478
_d1471478